000
00200 a2200097 4500
001
48082
100
_a
Mor
245
_a
Hashemite Kings
260
_a
London
_b
Faber & Faber
_c
090
_c
31058
_d
31058
942
_a
NUST-CAE
_c
M
_c
23401
999
_c
283155
_d
283155